Регионална библиотека "Любен Каравелов" - Русе

Димитровград (Запис номер 388752)

MARC детайли
000 -Лидер
Контролно поле с фиксирана дължина nkm a22 a 4500
003 - Код на организацията, давaща контролен номер
Контролно поле BLK
005 - Дата и час на последна редакция
Контролно поле 20200925152400.0
008 - Елементи от данни с фиксирана дължина
fixed length control field 200924b bu ||||| |||| 00| 0 bu d
040 ## - Източник на каталожния запис
Идентификатор на билиотеката - собственик на записа BLK
041 ## - Код за език
Код за езика на текст/звукозапис или на отделно заглавие Български
-- Руски
-- Немски
Код за езика КДБФ Български
080 ## - УДК
Текстов определител УДК Краезнание
УДК код - определител по УДК 908
УДК определител (497.23-21)(084)
УДК - код + определител 908(497.23-21)(084)
245 ## - Сведения за заглавието
Заглавие Димитровград
257 ## - Страна на издаване
Страна на създаване/издаване България
260 ## - Област на издателските данни
9 (RLIN) 210539
Място на издаване, разпространение и проч. София
Име на издателя, разпространителя и проч. Септември
Година на издаване 1978
Издателство - префикс ISBN
300 ## - Физическа характеристика
Страници 110 с.
Илюстрации и др. с ил.
Размери/Мащаб 24Х26 см
380 ## - Жанр
Жанр География
651 #7 - Допълнително описание по предмет - топоним
9 (RLIN) 178815
Географско понятие Димитровград
653 #0 - Ключова дума – ненормативна
9 (RLIN) 401783
Ключова дума снимкови албуми
852 ## - Местоположение
Форматна сигнатура Цб 300748
Фондова буква Хранилище
999 ## - СИСТЕМНИ КОНТРОЛНИ НОМЕРА
Koha biblionumber 388752
Koha biblioitemnumber 388752
942 ## - АРТИКУЛИ
Вид на библиотечния материал Графични издания
Скрит в OPAC Не
Периодичен библиозапис Да
944 ## - СЪЗДАВАНЕ И РЕДАКЦИЯ на ЗАПИСА
Създаване/Редакция Създаване
Дата на регистрацията/редакция 2020-09-24
Служител, извършил регистрацията/редакцията гц
Наличности
Код за отписване Код за изгубен артикул Източник на класификационната схема Код за повреда Коз за рестрикции Код за отдаване Артикулен № Име на библиотеката - собственик Име на библиотеката, в която се намира в момента Статус (Текущо местоположение) Дата на вписване в системата Местоположение - отдел Цена в лева Инвентарен номер Систематично азбучна сигнатура Баркод Цена в евро Служебен тип на артикула
  Не е изгубен Universal Decimal Classification Не е повреден само за читалня ползва се в читалня 801620 Регионална библиотека "Любен Каравелов" Русе Регионална библиотека "Любен Каравелов" Русе Хранилище 2020-09-30 Хранилище 5.22 274078 Цб 300748 120000274078 2.67 Графични издания
Vip Innovations Ltd, Rousse, Bulgaria 2025